Szczegóły MARC21

Stan prawny na dzień 1 stycznia 2002 r.

005 -DATA I CZAS OSTATNIEJ MODYFIKACJI [,]
    • @
    • pole kontrolne
    • 20070315155141.9
020 -Międzynarod. znormalizowany nr książki - ISBN [ , ]
    • a
    • Numer ISBN
    • 8373330771 Find
040 -Instytucja sporządzająca opis [ , ]
    • a
    • Instytucja, która sporządziła opis (NP)
    • SZCZ U
    • c
    • Instytucja, która sporządziła rekord (NP)
    • SZCZ U
041 -Język dokumentu [0, ]
    • a
    • Język tekstu (P)
    • polski
    • h
    • Język tekstu oryginalnego i/lub pośredniego (P)
    • polski
942 -Rodzaj dokumentu [ , ]
    • c
    • Rodzaj dokumentu
    • Książka
245 -Strefa tytułu i oznaczenia odpowiedzialności [0, ]
    • a
    • Tytuł
    • Stan prawny na dzień 1 stycznia 2002 r. Find
260 -Strefa adresu wydawniczego [ , ]
    • a
    • Miejsce wydania (P)
    • Gdańsk :
    • b
    • Nazwa wydawcy (P)
    • "Lex",
    • c
    • Data wydania (P)
    • 2002.
300 -Strefa opisu fizycznego [ , ]
    • a
    • Określenie formy książki i/lub objętość (NP)
    • 1472 :
    • c
    • Format (NP)
    • 24 cm.
490 -Strefa serii i książki wielotomowej - forma nie do wyszukiwania [0, ]
    • z
    • Numer rekordu powiązanego
    • 119181
    • a
    • Tytuł (P)
    • (SKOROWIDZ Obowiązujących Przepisów Prawnych ; Find
    • y
    • Zob. egzemplarze
    • 3
    • v
    • Numeracja (P)
    • 2001)
500 -Uwaga ogólna [ , ]
    • a
    • Uwaga ogólna (NP)
    • Ind
080 -Uniwersalna Klasyfikacja Dziesiętna [ , ]
    • a
    • Symbol klasyfikacji
    • 34(083.1)(083.8)
980 -Symbol UKD [ , ]
    • a
    • UKD
    • 34(083.1)(083.8)
920 -ISBN [ , ]
    • a
    • ISBN
    • 83-7333-077-1 Find
Numer inwentarzowy Numer tomu Status udost. Lokalizacja Data inwentaryzacji Powiązanie z serią Sygnatura
Cg.2987620011BG2002-07-053Cg.24984
Tc.11222001-11Tc2002-08-074Tc.1122